000 00638nam a2200205Ia 4500
001 17459
003 GE_BSU
008 181216s||||||||xx |||||||||||||| ||und||
040 _cGE_BSU
080 _a908(460) + 821.353.1-94
100 _aმინტეგი ბილბაო,მარტინა
245 _aჩემი ბასკეთი
245 _cრედ.:ლ.გოგოხია;მხატვ.:ნ.იანქოშვილი
260 _aთბილისი
260 _bნაკადული
260 _c1967
300 _a60გვ. ; 20სმ.
653 _aბასკეთი
942 _cBK
999 _c50510
_d50510